Aportes para la postergada deconstrucción de la enseñanza del derecho de familia (Registro nro. 21800)

Detalles MARC
000 -LEADER
fixed length control field 00394 a2200121 4500
001 - CONTROL NUMBER
control field ART_42010
005 - DATE AND TIME OF LATEST TRANSACTION
control field 20260410161815.0
008 - FIXED-LENGTH DATA ELEMENTS--GENERAL INFORMATION
fixed length control field 260409a
100 1# - MAIN ENTRY--PERSONAL NAME
Personal name Herrera, Marisa
245 10 - TITLE STATEMENT
Title Aportes para la postergada deconstrucción de la enseñanza del derecho de familia
700 1# - ADDED ENTRY--PERSONAL NAME
Personal name Spaventa, Verónica
773 0# - HOST ITEM ENTRY
Title Academia
Related parts - Año 4, Nº 7 (ene./jun. 2006)
Record control number REV4314

No hay ítems disponibles.